[Event "Antioquia op-B"]
[Site "Medellin"]
[Date "2018.04.30"]
[Round "7"]
[White "Vasquez, Jovanny"]
[Black "Bermudez, Edilson Enrique"]
[Result "0-1"]
[WhiteElo "1350"]
[BlackElo "1638"]
[PlyCount "84"]
[EventDate "2018.04.25"]
[EventType "swiss"]
[EventRounds "7"]
[EventCountry "COL"]
[SourceTitle "CBM 184 Extra"]
[Source "ChessBase"]
[SourceDate "2018.06.28"]
[SourceVersion "1"]
[SourceVersionDate "2018.06.28"]
[SourceQuality "1"]

1. e4 c5 2. Nf3 d6 3. h3 g6 4. Bc4 Bg7 5. d3 Nf6 6. Nc3 0-0 7. Bd2 Nc6 8. a3 Bd7 9. g4 a6 10. g5 Nh5 11. Be3 Rb8 12. d4 b5 13. Ba2 b4 14. Ne2 cxd4 15. Nexd4 bxa3 16. b3 Rb4 17. c3 Rb8 18. Rg1 Bxh3 19. Nxc6 Qc7 20. Ncd4 Qxc3+ 21. Ke2 d5 22. Rc1 Qa5 23. Bd2 Qb6 24. Rc6 Qd8 25. e5 Bd7 26. Rc2 Bb5+ 27. Ke1 Rb7 28. e6 f6 29. Bc1 Qd6 30. Nxb5 axb5 31. Qe2 b4 32. Bd2 Nf4 33. Bxf4 Qxf4 34. Rh1 fxg5 35. Qf1 Qxf3 36. Rh3 Qg4 37. f3 Qxe6+ 38. Re2 Bc3+ 39. Kd1 Qf5 40. Reh2 h5 41. Ke2 Qc2+ 42. Ke3 d4# 0-1